Aktuelle Bundesminister Deutschlands - Statistiken

Allgemein
  • Dieses Quiz wurde 115 mal gespielt
  • Das Durchschnittsergebnis liegt bei 7 aus 13
Antwortstatistiken
Amt Name % Korrekt
Bundesminister für Wirtschaft und Klimaschutz Robert Habeck
95%
Bundesministerin des Auswärtigen Annalena Baerbock
85%
Bundesminister für Gesundheit Karl Lauterbach
84%
Bundesminister der Verteidigung Boris Pistorius
78%
Bundesminister für Ernährung und Landwirtschaft und Bundesminister für Bildung und Forschung Cem Özdemir
69%
Bundesminister der Justiz undBundesminister für Digitales und Verkehr Volker Wissing
62%
Bundesministerin des Innern und für Heimat Nancy Faeser
60%
Bundesminister für Arbeit und Soziales Hubertus Heil
59%
Bundesministerin für Familie, Senioren, Frauen und Jugend Lisa Paus
35%
Bundesministerin für Umwelt, Naturschutz, nukleare Sicherheit und Verbraucherschutz Steffi Lemke
29%
Bundesminister der Finanzen Jörg Kukies
27%
Bundesministerin für Wohnen, Stadtentwicklung und Bauwesen Klara Geywitz
27%
Bundesministerin für wirtschaftliche Zusammenarbeit und Entwicklung Svenja Schulze
27%
Keine übereinstimmenden Quizze gefunden
Verteilung der Resultate
Anzahl Personen mit jedem Resultat
Perzentil nach korrekt beantworteten Fragen
Ihre Resultats-Entwicklung
Sie haben dieses Quiz noch nicht gespielt